000 00320nam a22001217a 4500
008 160428b xxu||||| |||| 00| 0 eng d
020 _a9780131789739
020 _a0131789732
041 _aeng
080 _a618.2
245 _aMaternal newborn nursing:
_cMary Ann Hogan; Rita Glazebrook; Vera Brancato;
942 _2udc
_cBK
999 _c1652
_d1652